|
|
|
|
| LEADER |
00000cab a2200000 a 4500 |
| 001 |
048998 |
| 003 |
UAHC_CL |
| 005 |
20170803125407.0 |
| 008 |
070630b cl j 000 1 spa |
| 040 |
|
|
|a UAHC_CL
|c UAHC_CL
|d UAHC_CL
|
| 100 |
1 |
|
|a Platte, Till
|
| 245 |
1 |
0 |
|a Pascal o la razón de la pasión /
|c Till Platte.
|
| 260 |
|
|
|a Talca, Chile
|b Universidad Católica del Maule
|c 2005
|
| 300 |
|
|
|a pp. 91-108
|
| 500 |
|
|
|a En : UC MAULE. n¼ 31, dic 2005, pp. 91-108. ISSN: 07172656
|
| 500 |
|
|
|a En : UC MAULE. nº 31, dic 2005, pp. 91-108. ISSN: 07172656
|
| 520 |
|
|
|a Este artículo se centra en el filósofo moderno Blais Pascal en su intento de ir más allá de la oposición entre razón y sentimiento, en otras palabras, entre alma y cuerpo. Pascal quiere mostrar que todas las operaciones racionales están fundadas en ele corazón (coeur), en el acto de amar. Su punto de vista anticipa visiones del movimiento fenomenológico del siglo XX.
|
| 520 |
|
|
|a Este artículo se centra en el filósofo moderno Blais Pascal en su intento de ir más allá de la oposición entre razón y sentimiento, en otras palabras, entre alma y cuerpo. Pascal quiere mostrar que todas las operaciones racionales están fundadas en ele corazón (coeur), en el acto de amar. Su punto de vista anticipa visiones del movimiento fenomenológico del siglo XX.
|
| 759 |
|
|
|a PP179
|
| 773 |
0 |
|
|t Ultima década.
|w 049085
|
| 900 |
|
|
|a UC MAULE-31/05
|
| 942 |
|
|
|c REVA
|
| 952 |
|
|
|0 0
|1 0
|4 0
|6 UC_MAULE31_05_000000000000000
|7 0
|8 General
|9 87726
|a BC
|b BC
|c General
|d 2017-08-03
|l 0
|o UC MAULE-31/05
|p FICTICIO8059
|r 2019-01-08 00:00:00
|t 1
|w 2017-08-03
|y REVA
|
| 999 |
|
|
|c 48998
|d 48998
|